Szczegóły MARC21

Historia powszechna ustroju i prawa /

003 -Nazwa inst., której nr kontr. jest w polu 001 [,]
    • @
    • Nazwa instytucji, której n kontrolny jest w polu 001
    • NUKAT
005 -DATA I CZAS OSTATNIEJ MODYFIKACJI [,]
    • @
    • pole kontrolne
    • 20241231101705.0
020 -Międzynarod. znormalizowany nr książki - ISBN [ , ]
    • a
    • Numer ISBN
    • 9788325530242 Find
020 -Międzynarod. znormalizowany nr książki - ISBN [ , ]
    • a
    • Numer ISBN
    • 9788325530259 Find
    • q
    • Dopowiedzenie
    • e-book
040 -Instytucja sporządzająca opis [ , ]
    • a
    • Instytucja, która sporządziła opis (NP)
    • KAT U/IW
    • c
    • Instytucja, która sporządziła rekord (NP)
    • KAT U/IW
    • d
    • Instytucja, która zmodyfikowała rekord (P)
    • KAT U/IWs
942 -Rodzaj dokumentu [ , ]
    • c
    • Rodzaj dokumentu
    • Książka
100 -Hasło główne - nazwa osobowa [1, ]
    • a
    • Nazwa osobowa (NP)
    • Maciejewski, Tadeusz
    • d
    • Daty biograficzne (NP)
    • (1952-2022).
    • 9
    • KHW
    • 108
245 -Strefa tytułu i oznaczenia odpowiedzialności [1,0]
    • a
    • Tytuł
    • Historia powszechna ustroju i prawa / Find
    • c
    • Pozostałe elementy strefy tytułu i oznaczenia odpowiedzialności (NP)
    • Tadeusz Maciejewski.
250 -Strefa wydania [ , ]
    • a
    • Oznaczenie wydania (NP)
    • 4. wyd. zm.
260 -Strefa adresu wydawniczego [ , ]
    • a
    • Miejsce wydania (P)
    • Warszawa :
    • b
    • Nazwa wydawcy (P)
    • Wydawnictwo C. H. Beck,
    • c
    • Data wydania (P)
    • 2011.
300 -Strefa opisu fizycznego [ , ]
    • a
    • Określenie formy książki i/lub objętość (NP)
    • XLIX, [1], 825 s. ;
    • c
    • Format (NP)
    • 22 cm.
336 -Typ zawartości [ , ]
    • a
    • Termin opisujący typ zawartości
    • Tekst
    • b
    • Kod określający zawartość
    • txt
    • 2
    • Źródło (terminu i kodu)
    • rdacontent
337 -Typ mediów [ , ]
    • a
    • Tryb odtwarzania
    • Bez urządzenia pośredniczącego
    • b
    • Kod typu mediów
    • n
    • 2
    • Źródło (terminu i kodu)
    • rdamedia
338 -Typ/rodzaj nośnika [ , ]
    • a
    • Hasło opisujące typ nośnika
    • Wolumin
    • b
    • Kod typu nośnika
    • nc
    • 2
    • Źródło (terminu i kodu)
    • rdacarrier
490 -Strefa serii i książki wielotomowej - forma nie do wyszukiwania [1, ]
    • a
    • Tytuł (P)
    • Studia Prawnicze Find
830 -Hasło dodatkowe serii i opisu książki wielotomowej - tytuł ujednolicony/tytuł [ ,0]
    • a
    • Tytuł ujednolicony/tytuł (NP)
    • Studia Prawnicze - C. H. Beck
    • 9
    • KHW
    • 7749
504 -Uwaga dot. bibliogr. załącznikowej [ , ]
    • a
    • Uwaga dot. bibliografii załącznikowej
    • Bibliogr. s. XXXIX-XLIX. Indeks.
080 -Uniwersalna Klasyfikacja Dziesiętna [ , ]
    • 2
    • Identyfikator wydania tablic
    • UDC-P058
    • 9
    • UKD
    • 3349
    • a
    • Symbol klasyfikacji
    • 340.12
    • b
    • Dopowiedzenie
    • Kierunki teorii prawa. Filozofia prawa. Teoria państwa i prawa. Doktryny prawne.
    • 4
    • UKD2
    • 8594
    • x
    • Poddział wspólny
    • (07)
    • c
    • Dopowiedzenie poddz. wspólnego
    • (Wydawnictwa dydaktyczne. Podręczniki).
080 -Uniwersalna Klasyfikacja Dziesiętna [ , ]
    • 2
    • Identyfikator wydania tablic
    • UDC-P058
    • 9
    • UKD
    • 2843
    • a
    • Symbol klasyfikacji
    • 321
    • b
    • Dopowiedzenie
    • Formy organizacji politycznej. Państwo jako władza polityczna. Ustrój państwowy.
    • 4
    • UKD2
    • 8594
    • x
    • Poddział wspólny
    • (07)
    • c
    • Dopowiedzenie poddz. wspólnego
    • (Wydawnictwa dydaktyczne. Podręczniki).
080 -Uniwersalna Klasyfikacja Dziesiętna [ , ]
    • 2
    • Identyfikator wydania tablic
    • UDC-P058
    • 9
    • UKD
    • 3356
    • a
    • Symbol klasyfikacji
    • 340.5
    • b
    • Dopowiedzenie
    • Prawo porównawcze. Różnice i podobieństwa prawa różnych narodów, ras i epok.
    • 4
    • UKD2
    • 8594
    • x
    • Poddział wspólny
    • (07)
    • c
    • Dopowiedzenie poddz. wspólnego
    • (Wydawnictwa dydaktyczne. Podręczniki).
650 -Hasło przedmiotowe [ ,7]
    • a
    • Hasło przedmiotowe
    • Doktryna prawna
    • x
    • Określnik rzeczowy
    • historia
    • v
    • Określnik formalny
    • podręczniki akademickie.
    • 2
    • Źródło terminu
    • kaba
    • 9
    • KHW
    • 354894
650 -Hasło przedmiotowe [ ,7]
    • a
    • Hasło przedmiotowe
    • Państwo i prawo
    • x
    • Określnik rzeczowy
    • historia
    • v
    • Określnik formalny
    • podręczniki akademickie.
    • 2
    • Źródło terminu
    • kaba
    • 9
    • KHW
    • 353235
650 -Hasło przedmiotowe [ ,7]
    • a
    • Hasło przedmiotowe
    • Ustroje polityczne
    • x
    • Określnik rzeczowy
    • historia
    • v
    • Określnik formalny
    • podręczniki akademickie.
    • 2
    • Źródło terminu
    • kaba
    • 9
    • KHW
    • 358611
980 -Symbol UKD [ , ]
    • a
    • UKD
    • 340.12:321:340.5](07)
710 -Hasło dodatkowe - nazwa ciała zbiorowego [2, ]
    • a
    • Nazwa ciała zbiorowego lub nazwa geograficzna jako pierwszy element (NP)
    • Wydawnictwo C.H. Beck.
    • 4
    • Kod relacji
    • pbl
    • 9
    • KHW
    • 52679
920 -ISBN [ , ]
    • a
    • ISBN
    • 978-83-255-3024-2 Find
920 -ISBN [ , ]
    • a
    • ISBN
    • 978-83-255-3025-9 Find
    • q
    • Dopowiedzenie
    • e-book
Lokalizacja Status udost. Sygnatura Data inwentaryzacji Numer inwentarzowy
BSA-3SAM.8472011-11-25SAM.847
BSA-3SAM.8492011-11-25SAM.849
BSA-3SAM.8462011-11-25SAM.846
BSA-3SAM.8482011-11-25SAM.848
BSA1SA.205872011-11-25SA.20587